Third biggest cites/towns in these European countries? - Statistics

General Stats
  • This quiz has been taken 71 times
    38 since last reset
  • The average score is 8 of 15
Answer Stats
Hint Answer % Correct
France Lyon
88%
UK Leeds
85%
Italy Naples
85%
Germany Munich
82%
Spain Valencia
76%
Sweden Malmo
67%
Switzerland Basel
61%
Republic of Ireland Limerick
48%
Poland Lodz
48%
Austria Linz
42%
Finland Tampere
42%
Czech Republic Ostrava
24%
Greece Patras
15%
Malta Mosta
0%
Portugal Vila Nova de Gaia
0%
No matching quizzes found
Score Distribution
Percent of People with Each Score
Percentile by Number Answered
Your Score History
You have not taken this quiz since the last reset